000 00506nam a2200181Ia 4500
008 180921t2005 xxu||||| |||| 00| 0 sin d
041 _asin
080 _a502.58
_bMEK
100 _aMekala, Achini Jayarathna
245 _aසුනාමියක සුල මුල
246 _aSunaamiyaka sula mula
260 _bKeshva publication
_aMaththegoda
_c2005
300 _a88p., ill., 21 cm
650 _aGeology
_aTsunami
942 _cBK
999 _c15579
_d15579
003 LK-CoDNM
040 _aLK-CoDNM
_dLK-CoDNM
_eLK-CoDNM